Science Quiz

Random Science or Astronomy Quiz

Real Planets of our Solar System Quiz Stats

 Plays Quiz not verified by Sporcle

Also try: Fast Math III
Challenge
Share
Tweet
Embed
Score 0/8 Timer 01:00
0 Plays Today
% Correct
Jupiter
94.7%
Saturn
94.4%
Mercury
94%
Earth
93.8%
Mars
92.9%
Neptune
92.9%
Uranus
92.7%
Venus
91.6%

You're not logged in!

Compare scores with friends on all Sporcle quizzes.
OR
Log In

You Might Also Like...

Show Comments

Extras

Top Quizzes Today


Score Distribution

Your Account Isn't Verified!

In order to create a playlist on Sporcle, you need to verify the email address you used during registration. Go to your Sporcle Settings to finish the process.

Report this User

Report this user for behavior that violates our Community Guidelines.

Details: